Southville International School and Colleges
Your cart is empty.
  • Cart
  • Lists
    Public lists Eva Luna New books Lux_list list_1
    Your lists Log in to create your own lists
  • Log in to your account
  • Your cookies
  • Search history
Southville International School and Colleges
  • Advanced search
  • Recent comments
  • Most popular
  • Libraries

Log in to your account

Log in with GOOGLE


If you do not have an external account, but do have a local account, you can still log in:

  1. Home
  2. MARC view: The pharmacy informatics primer /
Normal view MARC view ISBD view

The pharmacy informatics primer / (Record no. 13672)

[ view plain ]
MARC details
000 -LEADER
fixed length control field 00809cam a22002294a 4500
003 - CONTROL NUMBER IDENTIFIER
control field OSt
005 - DATE AND TIME OF LATEST TRANSACTION
control field 20140310182450.0
008 - FIXED-LENGTH DATA ELEMENTS--GENERAL INFORMATION
fixed length control field 080815s2009 mdua b 001 0 eng
010 ## - LIBRARY OF CONGRESS CONTROL NUMBER
LC control number 2008036537
020 ## - INTERNATIONAL STANDARD BOOK NUMBER
International Standard Book Number 9789746522472
050 00 - LIBRARY OF CONGRESS CALL NUMBER
Classification number RS 122.2
Item number .P44 2008
245 04 - TITLE STATEMENT
Title The pharmacy informatics primer /
Statement of responsibility, etc edited by; Doina Dumitru ; with a foreward by Karl Gumpper.
260 ## - PUBLICATION, DISTRIBUTION, ETC. (IMPRINT)
Place of publication, distribution, etc Bethesda, Md. :
Name of publisher, distributor, etc American Society of Health-System Pharmacists,
Date of publication, distribution, etc c2009.
300 ## - PHYSICAL DESCRIPTION
Extent 251 p. :
Other physical details ill. ;
Dimensions 26 cm.
650 #0 - SUBJECT ADDED ENTRY--TOPICAL TERM
Topical term or geographic name as entry element Pharmacy informatics.
9 (RLIN) 8092
650 #0 - SUBJECT ADDED ENTRY--TOPICAL TERM
Topical term or geographic name as entry element Information organization
General subdivision Computer programs.
9 (RLIN) 8093
700 1# - ADDED ENTRY--PERSONAL NAME
Personal name Dumitru, Doina.
9 (RLIN) 8094
856 41 - ELECTRONIC LOCATION AND ACCESS
Materials specified Table of contents only
Uniform Resource Identifier <a href="http://www.loc.gov/catdir/toc/ecip0826/2008036537.html">http://www.loc.gov/catdir/toc/ecip0826/2008036537.html</a>
942 ## - ADDED ENTRY ELEMENTS (KOHA)
Source of classification or shelving scheme Library of Congress Classification
Koha item type
Holdings
Withdrawn status Lost status Source of classification or shelving scheme Damaged status Home library Current library Shelving location Date acquired Total Checkouts Total Renewals Full call number Barcode Date last seen Date checked out Copy number Price effective from Koha item type
    Library of Congress Classification   South SEED-LPDH College Library South SEED-LPDH College Library South SEED-LPDH College Section 08/05/2013 4 21 RS 122.2 .P44 2008 SSLC0891 05/15/2018 01/16/2018 1 08/05/2013 Books
    Library of Congress Classification   South SEED-LPDH College Library South SEED-LPDH College Library South SEED-LPDH College Section 08/05/2013 8 45 RS 122.2 .P44 2008 SSLC0897 06/05/2020 03/14/2020 2 08/05/2013 Books

The pharmacy informatics primer /

APA

Dumitru D., . (2009). The pharmacy informatics primer. Bethesda, Md: American Society of Health-System Pharmacists.

Chicago

Dumitru Doina, . 2009. The pharmacy informatics primer. Bethesda, Md: American Society of Health-System Pharmacists.

Harvard

Dumitru D., . (2009). The pharmacy informatics primer. Bethesda, Md: American Society of Health-System Pharmacists.

MLA

Dumitru Doina, . The pharmacy informatics primer. Bethesda, Md: American Society of Health-System Pharmacists. 2009.

  • Place hold
  • Print
  • Cite
  • Add to your cart (remove)
  • Save record
    BIBTEX Dublin Core MARCXML MARC (non-Unicode/MARC-8) MARC (Unicode/UTF-8) MARC (Unicode/UTF-8, Standard) MODS (XML) RIS
  • More searches
    Search for this title in:
    Other Libraries (WorldCat) Other Databases (Google Scholar) Online Stores (Bookfinder.com) Open Library (openlibrary.org)

Exporting to Dublin Core...

SOUTHVILLE LIBRARY

Southville International School and Colleges Library

1281 Tropical Ave. Cor. Luxembourg St., BF Homes International, Las Pinas City

Tel. No. 8256374 / 252358 Loc. 117/146

Powered by Koha